| 000 | 00567nam a2200133Ia 4500 | ||
|---|---|---|---|
| 008 | 171212s9999 xx 000 0 und d | ||
| 020 | _a9780833037794 | ||
| 100 | _aKaroly, Lynn A.;Bigelow, James H. | ||
| 245 |
_cKaroly, Lynn A.;Bigelow, James H. _aThe Economics of Investing in Universal Preschool Education in California |
||
| 260 |
_bRAND Corporation _c2005 |
||
| 650 | _aEducation | ||
| 650 | _aEducation, Preschool -- Economic aspects -- California; Early childhood education -- California -- Cost effectiveness | ||
| 856 | _uwww.jstor.org/stable/10.7249/mg349pf | ||
| 999 |
_c352647 _d352647 |
||